House & garden book of bedrooms and bathrooms / (Record no. 18828)
[ view plain ]
| 000 -LEADER | |
|---|---|
| fixed length control field | 00612pam a2200181 a 4500 |
| 020 ## - INTERNATIONAL STANDARD BOOK NUMBER | |
| ISBN | 0865659613 (hard cover) |
| 040 ## - CATALOGING SOURCE | |
| Transcribing agency | DLC |
| 082 00 - DEWEY DECIMAL CLASSIFICATION NUMBER | |
| Classification number | 747 DIS 1995 C153 Or. |
| 100 1# - MAIN ENTRY--AUTHOR NAME | |
| Personal name | Highton, Leonie. |
| 245 10 - TITLE STATEMENT | |
| Title | House & garden book of bedrooms and bathrooms / |
| 246 3# - VARYING FORM OF TITLE | |
| Title proper/short title | House and garden book of bedrooms and bathrooms |
| 260 ## - PUBLICATION, DISTRIBUTION, ETC. (IMPRINT) | |
| Place of publication | New York : |
| Name of publisher | Vendome Press : |
| -- | Distributed in the USA and Canada by Rizzoli International through St. Martin's Press, |
| Year of publication | c1995. |
| 300 ## - PHYSICAL DESCRIPTION | |
| Number of Pages | 223 p. : |
| Other physical details | col. ill. ; |
| Dimensions | 28 cm. |
| 650 #0 - SUBJECT ADDED ENTRY--TOPICAL TERM | |
| Topical Term | Bedrooms. |
| 650 #0 - SUBJECT ADDED ENTRY--TOPICAL TERM | |
| Topical Term | Bathrooms. |
| 650 #0 - SUBJECT ADDED ENTRY--TOPICAL TERM | |
| Topical Term | Interior decoration. |
| 942 ## - ADDED ENTRY ELEMENTS (KOHA) | |
| Koha item type | ADB |
| 952 ## - LOCATION AND ITEM INFORMATION (KOHA) | |
| Withdrawn status [LOCAL, KOHA] | 0 |
| Koha item type | Source of acquisition | Lost status | Permanent Location | Current Location | Date acquired | Full call number |
|---|---|---|---|---|---|---|
| សៀវភៅភាសាអង់គ្លេស | A38316 | Library Block C | Library Block C | 2020-01-28 | 747 DIS 1995 C153 Or. |